| 000 | 01031nam a2200301 i 4500 | ||
|---|---|---|---|
| 001 | bg | ||
| 100 | 1 | _aOlchowicz, Irena. | |
| 245 | 1 | 0 |
_aRachunkowość finansowa w przykładach : _bwedług ustawy o rachunkowości i MSR / _cIrena Olchowicz, Agnieszka Tłaczała. |
| 250 | _aWyd. 2. | ||
| 260 |
_aWarszawa : _bCentrum Doradztwa i Informacji Difin, _c2008. |
||
| 300 |
_a629 s. ; _c23 cm. |
||
| 490 | 1 | _aVademecum Rachunkowości | |
| 650 | 9 |
_aRachunkowość _xprawo międzynarodowe _ystan na 2008 r. |
|
| 650 | 9 |
_aRachunkowość _xprawo _zPolska _ystan na 2008 r. |
|
| 655 | _aPodręczniki | ||
| 700 | 1 | _aTłaczała, Agnieszka. | |
| 830 | _aVademecum Rachunkowości | ||
| 015 | _aPB 28664/2008 | ||
| 020 | _a9788372519351 | ||
| 040 | _cBPK | ||
| 041 | _apol | ||
| 044 | _aPOL | ||
| 080 | _a346.52:347.728.1](438)(07):341.22(07) | ||
| 920 | _a978-83-7251-935-1 | ||
| 942 | _cKS | ||
| 008 | 081105s2008 pl |000 0 pol | ||
| 999 |
_c55872 _d55872 |
||
| 856 |
_uhttp://koha.tu.koszalin.pl/cgi-bin/koha/opac-detail.pl?biblionumber=55872 _yKatalog online BPK |
||